JetPunk will be down very briefly at 3:00PM EST (12:00PM PST, 8:00PM GST)

Statistics for Female Singers with 100+ million Sales

Click here to take the quiz!

General Stats

  • This quiz has been taken 264 times
    (185 since last reset)
  • The average score is 10 of 18

Answer Stats

RankOverall RankRecord SalesArtist% Correct
1142100 millionBeyoncé
82%
14300 millionMadonna
77%
310200 millionTaylor Swift
77%
614200 millionWhitney Houston
75%
411200 millionMariah Carey
71%
828143 millionKaty Perry
70%
27250 millionRihanna
69%
512200 millionCeline Dion
68%
1247100 millionBritney Spears
64%
1036120 millionAdele
61%
935124 millionLady Gaga
59%
1359100 millionJanet Jackson
48%
1465100 millionCher
40%
727145 millionBarbra Streisand
36%
1671100 millionTina Turner
35%
1873100 millionDonna Summer
18%
1568100 millionOlivia Newton-John
8%
1772100 millionLinda Ronstadt
5%

Score Distribution

Percentile by Number Answered

Percent of People with Each Score

Your Score History

You have not taken this quiz since the last reset